Ekonomická efektívnosť robotizácie pracoviska elektrooblúkovej metalizácie v n.p. ČSAO Lučenec záverečná práca postgraduálneho štúdia

Guardado en:
Detalles Bibliográficos
Autor principal: Machava, Rudolf
Autor Corporativo: Vysoká škola ekonomická v Bratislave
Otros Autores: Mišík, Vladimír
Formato: Libro
Lenguaje:eslovaco
Publicado: Bratislava 1987
Etiquetas: Agregar Etiqueta
Sin Etiquetas, Sea el primero en etiquetar este registro!

MARC

LEADER 00000nam a2200000 4500
001 c024953
005 20230116095014.9
041 0 |a slo 
044 |a SK 
245 1 0 |a Ekonomická efektívnosť robotizácie pracoviska elektrooblúkovej metalizácie v n.p. ČSAO Lučenec  |b záverečná práca postgraduálneho štúdia  |c Rudolf Machava ; Ved. práce Vladimír Mišík 
264 1 |a Bratislava  |c 1987 
300 |a 51 s. 
100 1 |a Machava, Rudolf 
700 1 |a Mišík, Vladimír 
710 2 |a Vysoká škola ekonomická v Bratislave